| 000 | 01252cam a2200289 4500 | ||
|---|---|---|---|
| 001 | ABS66830 | ||
| 008 | 030703n2003 000 0 eng u | ||
| 035 | _a(Sirsi) u122922 | ||
| 100 | _aHodge, A. | ||
| 245 | _aBricks, mortar, rent and a monthly payroll | ||
| 260 | _c2003 | ||
| 490 |
_aEstates Gazette _v(0325) 21 June 2003, 136-137(2) |
||
| 520 | _aHighlights the responsibilities of employers towards employees in the transfer of businesses under the Transfer of Undertakings (Protection of Employment) Regulations 1981 (TUPE). Includes a checklist identifying key points on TUPE rights when buying and selling property. Discusses recent case law. | ||
| 590 | _aABS | ||
| 650 | _aTRANSFER OF UNDERTAKINGS (PROTECTION OF EMPLOYMENT) REGULATIONS 1981 | ||
| 650 | _aTUPE | ||
| 650 | _aEMPLOYMENT LAW | ||
| 650 | _aEMPLOYEES RIGHTS | ||
| 650 | _aFORENINGEN AF ARBEJDSLEDERE I DANMARK V DADDY'S DANCE HALL | ||
| 650 | _aBERG AND BUSSCHERS V BESSELSEN | ||
| 650 | _aSCHMIDT V SPAR UND LEIHKASSE DER FRUHEREN AMER BORDESHOLM KIEL UND CRONSHAGEN | ||
| 650 | _aSUZEN V ZEHNACKER BEBAUDEREINIGUNG GMBH KRANKENHAUSSERVICE | ||
| 650 | _aLOWE V DUDLEY BOWER BUILDING SERVICES LTD | ||
| 690 | _aLAW | ||
| 700 | _aBrodie, P. | ||
| 942 | _n0 | ||
| 999 |
_c72998 _d72998 |
||